Analysis of error correction codes in OFDM / (Record no. 184043)

000 -LEADER
fixed length control field 00520 a2200169 4500
003 - CONTROL NUMBER IDENTIFIER
control field NUST
005 - DATE AND TIME OF LATEST TRANSACTION
control field 20251103133355.0
040 ## - CATALOGING SOURCE
Transcribing agency Nust
082 ## - DEWEY DECIMAL CLASSIFICATION NUMBER
Classification number 621.382,HAM
100 ## - MAIN ENTRY--PERSONAL NAME
Personal name Hamdani, Maj Abbas Shaukat Syed (TE-42)
9 (RLIN) 131415
245 ## - TITLE STATEMENT
Title Analysis of error correction codes in OFDM /
Statement of responsibility, etc. Maj Syed Shaukat Abbas Hamdani, Capt Zeeshan Haider and Capt Muhammad Zeeshan Afzal (TE-42)
260 ## - PUBLICATION, DISTRIBUTION, ETC.
Place of publication, distribution, etc. Rawalpindi
Name of publisher, distributor, etc. MCS
Date of publication, distribution, etc. 2009
300 ## - PHYSICAL DESCRIPTION
Extent 86 p.;
650 ## - SUBJECT ADDED ENTRY--TOPICAL TERM
Topical term or geographic name entry element UG Projects
9 (RLIN) 98716
651 ## - SUBJECT ADDED ENTRY--GEOGRAPHIC NAME
Geographic name TE-42
9 (RLIN) 131416
942 ## - ADDED ENTRY ELEMENTS (KOHA)
Koha item type Project Report
Source of classification or shelving scheme
Holdings
Withdrawn status Lost status Source of classification or shelving scheme Damaged status Not for loan Permanent Location Current Location Shelving location Date acquired Full call number Barcode Date last seen Price effective from Koha item type Public note
          Military College of Signals (MCS) Military College of Signals (MCS) Reference 12/12/2016 621.382,HAM MCSPTE-164 12/08/2016 12/12/2016 Project Report Almirah No.90, Shelf No.3
© 2023 Central Library, National University of Sciences and Technology. All Rights Reserved.